000 00496nam a2200145 i 4500
001 75718
003 ES-MaACL
005 20230906172553.0
007 t|
008 040927s1922 sp ||||1| spa d
100 1 _aGriera y Cruz, Pablo.
_959986
245 1 3 _aLa acción de la Comisión mixta del trabajo en el comercio de Barcelona /
_cconferencia dada en catalán por D. Pablo Griera y Cruz.
260 _aBarcelona :
_b[s.n.],
_c1922 (
_fImp. de Eugenio Subirana)
852 _aES-MaACL
_j1634-F-12
999 _c75718
_d75718